000 00479nam a2200145Ia 4500
008 231129s2017||||xx |||||||||||||| ||spa||
020 _a978-958-785-053-6
040 _bspa
082 _a(i) 615.321 I59m
100 _aInstitución Educativa Simón Bolí­var (Patí­a Cauca)
245 0 _aMédicos naturales
260 _c2017
264 _aBogotá Colombia : Ministerio de Educación Nacional : Ministerio de Cultura
942 _2ddc
_cBKS
999 _c20870
_d20870